[Event "2. Bundesliga West 2018/19"]
[Site "Tirol"]
[Date "2018.10.12"]
[Round "1"]
[Board "1"]
[White "Bilchinski, Anton"]
[Black "Spornberger, Andre"]
[Result "1/2-1/2"]
[WhiteElo "2301"]
[BlackElo "2313"]
[PlyCount "60"]
[EventDate "2018.10.12"]
[EventType "team"]
[EventRounds "11"]
[EventCountry "AUT"]
[WhiteTeam "Pradl"]
[BlackTeam "Rochade Rum"]

1. d4 e6 2. g3 f5 3. Bg2 Nf6 4. Nh3 d5 5. O-O c6 6. c4 Bd6 7. Bf4 O-O 8. Nd2
Qe7 9. Qc2 Ne4 10. Rad1 Nd7 11. f3 Nxd2 12. Rxd2 Nf6 13. e4 fxe4 14. Bxd6 Qxd6
15. fxe4 Nxe4 16. Rxf8+ Qxf8 17. Bxe4 dxe4 18. Qxe4 e5 19. Ng5 Bf5 20. Qxe5 Re8
21. Qf4 h6 22. Rf2 Re1+ 23. Kg2 hxg5 24. Qxf5 Qxf5 25. Rxf5 Re4 26. Rxg5 Rxd4
27. Rf5 Rxc4 28. Rf2 a5 29. Kf3 Kf7 30. Ke3+ Ke6  1/2-1/2

[Event "2. Bundesliga West 2018/19"]
[Site "Tirol"]
[Date "2018.10.12"]
[Round "1"]
[Board "2"]
[White "Spornberger, Maximilian"]
[Black "Eybl, Alexander"]
[Result "0-1"]
[WhiteElo "2298"]
[BlackElo "2289"]
[PlyCount "90"]
[EventDate "2018.10.12"]
[EventType "team"]
[EventRounds "11"]
[EventCountry "AUT"]
[WhiteTeam "Rochade Rum"]
[BlackTeam "Pradl"]

1. e4 c5 2. c3 Nf6 3. e5 Nd5 4. d4 cxd4 5. Nf3 e6 6. cxd4 d6 7. Bc4 Nc6 8. O-O
Be7 9. Qe2 O-O 10. Bd2 Qb6 11. Bc3 Bd7 12. Nbd2 Rac8 13. Rfc1 Na5 14. Bxa5 Qxa5
15. Ne4 Qb6 16. Bxd5 exd5 17. Nxd6 Bxd6 18. exd6 Qxd6 19. Qe5 Qb4 20. Qxd5
Rxc1+ 21. Rxc1 Qxb2 22. Qc4 Be6 23. Qc2 Qxc2 24. Rxc2 Rc8 25. Rxc8+ Bxc8 26. a3
Kf8 27. Kf1 Ke7 28. h3 Bf5 29. Ke2 Be4 30. Ne1 Kd6 31. Ke3 Kd5 32. g4 g5 33. f3
Bb1 34. Ng2 b5 35. h4 f6 36. h5 a5 37. f4 Be4 38. fxg5 fxg5 39. Ne1 h6 40. Nd3
Bxd3 41. Kxd3 b4 42. a4 b3 43. Kc3 b2 44. Kxb2 Kxd4 45. Kb3 Kd3  0-1

[Event "2. Bundesliga West 2018/19"]
[Site "Tirol"]
[Date "2018.10.12"]
[Round "1"]
[Board "3"]
[White "Wohlfahrt, Herbert"]
[Black "Paltrinieri, Nicholas"]
[Result "1/2-1/2"]
[WhiteElo "2262"]
[BlackElo "2277"]
[PlyCount "136"]
[EventDate "2018.10.12"]
[EventType "team"]
[EventRounds "11"]
[EventCountry "AUT"]
[WhiteTeam "Pradl"]
[BlackTeam "Rochade Rum"]

1. Nf3 e6 2. c4 f5 3. d4 Nf6 4. g3 Be7 5. Bg2 O-O 6. O-O d6 7. b3 Ne4 8. Bb2
Nc6 9. Nc3 Bf6 10. Rc1 Nxc3 11. Bxc3 e5 12. dxe5 dxe5 13. Qd5+ Kh8 14. Qxd8
Rxd8 15. Rfd1 Be6 16. Ne1 Bg5 17. Rb1 e4 18. Nc2 Kg8 19. Kf1 Kf7 20. Ke1 Bf6
21. Bxf6 Kxf6 22. f3 Ke5 23. f4+ Kf6 24. Rxd8 Rxd8 25. Rd1 Rg8 26. Ne3 g5 27.
fxg5+ Rxg5 28. Nd5+ Bxd5 29. Rxd5 Rg8 30. Bh3 Ne5 31. Kf2 b6 32. c5 h5 33. b4
Rh8 34. a4 h4 35. Kg2 Rg8 36. cxb6 axb6 37. a5 bxa5 38. bxa5 hxg3 39. hxg3 f4
40. g4 Nxg4 41. Bxg4 Rxg4+ 42. Kf2 Rg3 43. Rc5 Ra3 44. Rxc7 Rxa5 45. Rc8 Ra2
46. Re8 Kf5 47. Rf8+ Ke5 48. Re8+ Kd4 49. Rd8+ Kc3 50. Re8 Ra4 51. Rf8 Kd2 52.
Rd8+ Kc2 53. Re8 Kd2 54. Rd8+ Kc3 55. Rc8+ Rc4 56. Rf8 Kd2 57. Rd8+ Kc2 58. Rf8
e3+ 59. Kf3 Kd2 60. Ra8 Rc2 61. Ra1 Rb2 62. Ra4 Rb1 63. Rd4+ Ke1 64. Rxf4 Rb2
65. Ra4 Rb3 66. Ra2 Rc3 67. Ra1+ Kd2 68. Ra2+ Ke1  1/2-1/2

[Event "2. Bundesliga West 2018/19"]
[Site "Tirol"]
[Date "2018.10.12"]
[Round "1"]
[Board "4"]
[White "Moroder, Stefan"]
[Black "Doskocil, Klaus"]
[Result "1-0"]
[WhiteElo "2158"]
[BlackElo "2190"]
[PlyCount "79"]
[EventDate "2018.10.12"]
[EventType "team"]
[EventRounds "11"]
[EventCountry "AUT"]
[WhiteTeam "Rochade Rum"]
[BlackTeam "Pradl"]

1. d4 g6 2. e4 Bg7 3. Nf3 d6 4. Nc3 Nd7 5. Be2 Ngf6 6. e5 dxe5 7. dxe5 Ng4 8.
e6 fxe6 9. Ng5 Nxf2 10. Kxf2 O-O+ 11. Ke1 Nc5 12. Qxd8 Rxd8 13. Nge4 Nxe4 14.
Nxe4 b6 15. Bf3 Rb8 16. c3 h6 17. Be3 e5 18. Rd1 Rf8 19. b3 Be6 20. Nf2 Rbd8
21. Ke2 a5 22. Rxd8 Rxd8 23. Rd1 Rb8 24. Bd5 Kf7 25. Ne4 Bxd5 26. Rxd5 Ke6 27.
c4 Ra8 28. Rd1 Rb8 29. g4 Ra8 30. Nc3 Rb8 31. Nd5 Rb7 32. Kf3 g5 33. Ke4 c5 34.
Bf2 Bf8 35. Rd3 Bg7 36. Bg3 Bh8 37. a4 Bg7 38. Rf3 Kd6 39. Rf7 Bh8 40. Rh7  1-0

[Event "2. Bundesliga West 2018/19"]
[Site "Tirol"]
[Date "2018.10.12"]
[Round "1"]
[Board "5"]
[White "Everett, Elijah"]
[Black "Jedinger, Andreas"]
[Result "1-0"]
[WhiteElo "2232"]
[BlackElo "2108"]
[PlyCount "89"]
[EventDate "2018.10.12"]
[EventType "team"]
[EventRounds "11"]
[EventCountry "AUT"]
[WhiteTeam "Pradl"]
[BlackTeam "Rochade Rum"]

1. e4 e5 2. Nf3 Nc6 3. Bb5 a6 4. Ba4 Nf6 5. O-O Be7 6. Re1 b5 7. Bb3 d6 8. c3
O-O 9. h3 Na5 10. Bc2 c5 11. d4 Qc7 12. Nbd2 Nc6 13. d5 Nd8 14. a4 Rb8 15. b4
g6 16. axb5 axb5 17. bxc5 dxc5 18. Nf1 Nh5 19. Bh6 Ng7 20. Qd2 f6 21. Ng3 Nf7
22. h4 Bd7 23. h5 Nxh6 24. Qxh6 g5 25. Ra6 Qb7 26. d6 Bd8 27. Rea1 c4 28. Nf5
Nxf5 29. exf5 Rf7 30. Ra7 Qd5 31. Re1 Bb6 32. Be4 Qc5 33. Ra2 Bc6 34. Rd2 Bxe4
35. Rxe4 Rd8 36. Nxg5 fxg5 37. Qxg5+ Rg7 38. Qf6 Rf8 39. Qe6+ Kh8 40. h6 Rgg8
41. Rxe5 Qc6 42. Re4 Bd8 43. d7 Qc7 44. Qd5 Qb6 45. Re6  1-0

[Event "2. Bundesliga West 2018/19"]
[Site "Tirol"]
[Date "2018.10.12"]
[Round "1"]
[Board "6"]
[White "Berchtold, Clemens"]
[Black "Sucher, Johannes"]
[Result "1-0"]
[WhiteElo "2024"]
[BlackElo "2172"]
[PlyCount "61"]
[EventDate "2018.10.12"]
[EventType "team"]
[EventRounds "11"]
[EventCountry "AUT"]
[WhiteTeam "Rochade Rum"]
[BlackTeam "Pradl"]

1. d4 d5 2. Nf3 Nf6 3. c4 e6 4. Nc3 c6 5. e3 Bd6 6. Bd3 Nbd7 7. O-O O-O 8. b3
dxc4 9. Bxc4 e5 10. Qc2 exd4 11. Nxd4 Ne5 12. Be2 Qa5 13. h3 Ng6 14. Bd2 Qe5
15. f4 Qe7 16. Rae1 Rd8 17. Kh1 Bc5 18. Nf3 Nh5 19. Kh2 Bxe3 20. Bd3 Qd6 21.
Rxe3 Ngxf4 22. Bxh7+ Kh8 23. Ne5 Be6 24. Bc1 g6 25. g3 Nd5 26. Rxf7 Bf5 27.
Rxf5 Nxe3 28. Bxe3 Kxh7 29. Rxh5+ Kg8 30. Rg5 Kh7 31. Rxg6  1-0

[Event "2. Bundesliga West 2018/19"]
[Site "Tirol"]
[Date "2018.10.12"]
[Round "1"]
[Board "1"]
[White "Rotstein, Arkadij"]
[Black "Fedorovsky, Michael"]
[Result "0-1"]
[WhiteElo "2481"]
[BlackElo "2481"]
[PlyCount "78"]
[EventDate "2018.10.12"]
[EventType "team"]
[EventRounds "11"]
[EventCountry "AUT"]
[WhiteTeam "Absam"]
[BlackTeam "Jenbach 2"]

1. Nf3 d5 2. g3 Nf6 3. Bg2 c5 4. O-O e6 5. d3 Nc6 6. Nbd2 g6 7. e4 Bg7 8. Re1
O-O 9. c3 a5 10. a4 b6 11. exd5 exd5 12. Nf1 Ba6 13. Bf4 Nh5 14. Bg5 Qd6 15. d4
h6 16. Be3 Rad8 17. Qb3 cxd4 18. Nxd4 Nxd4 19. Bxd4 Bxd4 20. cxd4 Nf6 21. Ne3
Rfe8 22. Rac1 Kg7 23. h4 h5 24. Qa3 Qd7 25. b4 Qd6 26. Qb3 axb4 27. Rb1 Ng4 28.
Qxb4 Nxe3 29. Qxd6 Rxd6 30. Rxe3 Rxe3 31. fxe3 Bc4 32. Bf1 Kf6 33. e4 Ke6 34.
e5 Rc6 35. Bxc4 dxc4 36. Kf2 c3 37. Ke3 c2 38. Rc1 Kd5 39. Kf4 Rc4  0-1

[Event "2. Bundesliga West 2018/19"]
[Site "Tirol"]
[Date "2018.10.12"]
[Round "1"]
[Board "2"]
[White "Reich, Thomas"]
[Black "Dizdar, Goran"]
[Result "1/2-1/2"]
[WhiteElo "2360"]
[BlackElo "2480"]
[PlyCount "68"]
[EventDate "2018.10.12"]
[EventType "team"]
[EventRounds "11"]
[EventCountry "AUT"]
[WhiteTeam "Jenbach 2"]
[BlackTeam "Absam"]

1. c4 e6 2. e4 d5 3. exd5 exd5 4. d4 Nf6 5. Nc3 Bb4 6. Bd3 dxc4 7. Bxc4 O-O 8.
Nge2 Bd6 9. O-O Nc6 10. Nb5 Be6 11. Nxd6 Qxd6 12. Bf4 Qd7 13. Bxe6 fxe6 14. Rc1
Nd5 15. Bg3 a5 16. Nc3 Nf4 17. Qg4 h5 18. Qh4 Qd8 19. Qxd8 Raxd8 20. Bxf4 Rxf4
21. Nb5 Rd7 22. Rc5 Nxd4 23. Nxd4 Rfxd4 24. Rxa5 R7d5 25. Ra3 Rb5 26. Rc3 Rxb2
27. Rxc7 Ra4 28. Re7 Raxa2 29. h4 b5 30. Rxe6 Re2 31. Rg6 b4 32. Rb6 Rab2 33.
Rb5 g6 34. Rb7 Kf8  1/2-1/2

[Event "2. Bundesliga West 2018/19"]
[Site "Tirol"]
[Date "2018.10.12"]
[Round "1"]
[Board "3"]
[White "Lehner, Oliver"]
[Black "Binder, Moriz"]
[Result "1/2-1/2"]
[WhiteElo "2399"]
[BlackElo "2234"]
[PlyCount "136"]
[EventDate "2018.10.12"]
[EventType "team"]
[EventRounds "11"]
[EventCountry "AUT"]
[WhiteTeam "Absam"]
[BlackTeam "Jenbach 2"]

1. e4 e5 2. Nf3 Nc6 3. Bb5 a6 4. Ba4 Nf6 5. O-O Be7 6. d3 b5 7. Bb3 O-O 8. Nc3
d6 9. a3 Be6 10. Nd5 h6 11. Bd2 Re8 12. a4 Bxd5 13. Bxd5 Nxd5 14. exd5 Nd4 15.
Nxd4 exd4 16. Qg4 Qc8 17. Qxd4 Bf6 18. Qb4 Qf5 19. axb5 Qxd5 20. bxa6 Reb8 21.
Qa4 Bxb2 22. Rae1 Qb5 23. Qg4 h5 24. Qf3 Bf6 25. Re4 Rxa6 26. Rfe1 Ra1 27. Rxa1
Bxa1 28. Rb4 Qe8 29. Qxh5 Rxb4 30. Bxb4 Bd4 31. Bd2 Qc6 32. Qd1 Qc5 33. Be1 Qe5
34. Qd2 Bb6 35. g3 d5 36. Kg2 Qe6 37. f3 c6 38. Bf2 Bxf2 39. Qxf2 g6 40. h4 Qe5
41. d4 Qe7 42. c3 Qe6 43. Qd2 Kh7 44. g4 Qe7 45. Qf2 Kh6 46. Kh3 Kh7 47. Qd2
Kg8 48. Kg3 Kh7 49. Qf2 Qd6+ 50. f4 Qe6 51. Qf3 Qe1+ 52. Kh3 Qe6 53. f5 Qe1 54.
fxg6+ fxg6 55. g5 Qe6+ 56. Kg2 Kg7 57. Kf2 Kg8 58. Qe2 Qf5+ 59. Kg3 Kh7 60. Qf3
Qe6 61. Kf2 Kg8 62. Qe2 Qf5+ 63. Kg3 Kh7 64. Qg4 Qf1 65. Qf3 Qe1+ 66. Kh3 Qe6+
67. Kg2 Kg7 68. Kf2 Kg8  1/2-1/2

[Event "2. Bundesliga West 2018/19"]
[Site "Tirol"]
[Date "2018.10.12"]
[Round "1"]
[Board "4"]
[White "Fuchs, Georg"]
[Black "Weinzettl, Ernst"]
[Result "1-0"]
[WhiteElo "2210"]
[BlackElo "2220"]
[PlyCount "91"]
[EventDate "2018.10.12"]
[EventType "team"]
[EventRounds "11"]
[EventCountry "AUT"]
[WhiteTeam "Jenbach 2"]
[BlackTeam "Absam"]

1. e4 e6 2. d4 d5 3. Nd2 Nf6 4. e5 Nfd7 5. Bd3 c5 6. c3 cxd4 7. cxd4 Nc6 8.
Ndf3 f6 9. exf6 Nxf6 10. Nh3 Bd6 11. O-O O-O 12. Re1 Qc7 13. Nhg5 h6 14. Nxe6
Bxe6 15. Rxe6 Rae8 16. Bf5 Bf4 17. g3 Bxc1 18. Rxc1 Qf7 19. Rcxc6 bxc6 20. Ne5
Qb7 21. Qc2 Qb6 22. Ng6 Qxd4 23. Nxf8 Rxf8 24. Rxc6 Qe5 25. Be6+ Kh8 26. Rc8
Qd6 27. Rxf8+ Qxf8 28. Qc8 Qxc8 29. Bxc8 Kg8 30. Kf1 Kf7 31. Ke2 Ke7 32. Kd3
Kd6 33. h4 Ne4 34. Ke3 Kc5 35. g4 Nd6 36. Ba6 d4+ 37. Kf4 Kd5 38. f3 Ke6 39.
Bd3 Kd5 40. g5 a5 41. b3 Ke6 42. Kg4 Nb7 43. f4 Nc5 44. Bc4+ Kd6 45. Kf3 Ke7
46. a3  1-0

[Event "2. Bundesliga West 2018/19"]
[Site "Tirol"]
[Date "2018.10.12"]
[Round "1"]
[Board "5"]
[White "Deglmann, Ludwig"]
[Black "Hoellrigl, Wilfried"]
[Result "1/2-1/2"]
[WhiteElo "2270"]
[BlackElo "2170"]
[PlyCount "84"]
[EventDate "2018.10.12"]
[EventType "team"]
[EventRounds "11"]
[EventCountry "AUT"]
[WhiteTeam "Absam"]
[BlackTeam "Jenbach 2"]

1. c4 Nf6 2. Nc3 g6 3. e4 d6 4. d4 Bg7 5. f3 Nc6 6. Nge2 a6 7. Be3 Rb8 8. Qd2
h5 9. Rc1 Bd7 10. Nd1 b5 11. c5 d5 12. e5 Ng8 13. Nf4 Bf5 14. Nf2 Nh6 15. Be2
Qd7 16. Rg1 f6 17. exf6 Bxf6 18. g4 hxg4 19. fxg4 g5 20. Nh5 Bg6 21. h4 Bxh5
22. gxh5 Nf5 23. hxg5 Bxd4 24. Bxd4 Ncxd4 25. Kd1 Qe6 26. Rc3 Qxe2+ 27. Qxe2
Nxe2 28. Kxe2 Rxh5 29. Nd3 Kd7 30. Ra3 Nd4+ 31. Kd1 Rg8 32. Ne5+ Ke6 33. Re1
Kf5 34. Rd3 Rh4 35. Nf3 Nxf3 36. Rxf3+ Rf4 37. Rxf4+ Kxf4 38. Rxe7 Rxg5 39. Kc2
Rg2+ 40. Kc3 c6 41. Re6 a5 42. Rxc6 b4+  1/2-1/2

[Event "2. Bundesliga West 2018/19"]
[Site "Tirol"]
[Date "2018.10.12"]
[Round "1"]
[Board "6"]
[White "Lederwasch, Bernhard"]
[Black "De Francesco, Klaus"]
[Result "1/2-1/2"]
[WhiteElo "2159"]
[BlackElo "2288"]
[PlyCount "99"]
[EventDate "2018.10.12"]
[EventType "team"]
[EventRounds "11"]
[EventCountry "AUT"]
[WhiteTeam "Jenbach 2"]
[BlackTeam "Absam"]

1. e4 e6 2. d4 d5 3. Nc3 Nf6 4. Bg5 Be7 5. e5 Nfd7 6. h4 c5 7. Bxe7 Kxe7 8. Qd2
Nc6 9. Qg5+ Kf8 10. Qxd8+ Nxd8 11. f4 cxd4 12. Nb5 Nc6 13. O-O-O a6 14. Nxd4
Nxd4 15. Rxd4 b5 16. a4 Nc5 17. axb5 axb5 18. Kb1 Bd7 19. Rb4 Ke7 20. Rh3 Ra5
21. Ra3 Na4 22. Bd3 Rha8 23. Ne2 h6 24. c3 Nc5 25. Rxa5 Rxa5 26. Kc2 Na6 27.
Rb3 Nc7 28. Nd4 f6 29. Ra3 Ra4 30. Kb3 fxe5 31. fxe5 Na6 32. Kc2 Nc5 33. Rxa4
bxa4 34. Kd2 Be8 35. Ke3 Bh5 36. Bb5 Bd1 37. Kd2 Bg4 38. Ke3 Kd8 39. Kf4 Bh5
40. g4 Be8 41. Be2 Ke7 42. h5 g6 43. hxg6 Bxg6 44. Bb5 Bd3 45. Ke3 Bb1 46. Nc6+
Kf7 47. Kd4 Nb3+ 48. Ke3 Nc5 49. Kd4 Nb3+ 50. Ke3  1/2-1/2

[Event "2. Bundesliga West 2018/19"]
[Site "6922  Wolfurt"]
[Date "2018.10.12"]
[Round "1"]
[Board "1"]
[White "Repka, Christopher"]
[Black "Henrichs, Thomas"]
[Result "1-0"]
[WhiteElo "2523"]
[BlackElo "2469"]
[PlyCount "61"]
[EventDate "2018.10.12"]
[EventType "team"]
[EventRounds "11"]
[EventCountry "AUT"]
[WhiteTeam "Bregenz"]
[BlackTeam "Hohenems II"]

1. d4 Nf6 2. c4 g6 3. Nc3 Bg7 4. Nf3 O-O 5. g3 d6 6. Bg2 c5 7. dxc5 dxc5 8.
Qxd8 Rxd8 9. Ne5 Ne8 10. Nd3 Na6 11. Bg5 Kf8 12. Nd5 Rd7 13. O-O e6 14. Nc3 Nd6
15. Na4 h6 16. Bf4 g5 17. Naxc5 Nxc5 18. Bxd6+ Rxd6 19. Nxc5 Rd2 20. Rad1 Rxe2
21. b3 Ke7 22. Nxb7 Bxb7 23. Bxb7 Rb8 24. Bc6 Rxa2 25. Rd7+ Kf8 26. Ba4 a5 27.
c5 Rc8 28. c6 Be5 29. Rfd1 Bc7 30. Bb5 Rc2 31. Ba6  1-0

[Event "2. Bundesliga West 2018/19"]
[Site "6922  Wolfurt"]
[Date "2018.10.12"]
[Round "1"]
[Board "2"]
[White "Berchtenbreiter, Maximilian"]
[Black "Nayhebaver, Martin"]
[Result "1-0"]
[WhiteElo "2426"]
[BlackElo "2466"]
[PlyCount "58"]
[EventDate "2018.10.12"]
[EventType "team"]
[EventRounds "11"]
[EventCountry "AUT"]
[WhiteTeam "Hohenems II"]
[BlackTeam "Bregenz"]

1. e4 c5 2. Nf3 d6 3. d4 cxd4 4. Nxd4 Nf6 5. Nc3 a6 6. Bg5 e6 7. Qe2 Be7 8. f4
h6 9. Bxf6 Bxf6 10. O-O-O Qc7 11. Qd2 Be7 12. Kb1 Nd7 13. Be2 b5 14. Rhe1 b4
15. Nxe6 fxe6 16. Bh5+ Kf8 17. Nd5 Qc5 18. e5 Qxd5 19. Qxd5 exd5 20. exd6 g6
21. dxe7+ Kf7 22. e8=Q+ Rxe8 23. Bxg6+ Kxg6 24. Rxe8 Nf6 25. Rd8 Bb7 26. Rd6
Rc8 27. g4 Rc4 28. Rf1 Kg7 29. g5 Ng8 {Rest unleserlich}  1-0

[Event "2. Bundesliga West 2018/19"]
[Site "6922  Wolfurt"]
[Date "2018.10.12"]
[Round "1"]
[Board "3"]
[White "Sergeev, Vladimir"]
[Black "Novkovic, Milan"]
[Result "1/2-1/2"]
[WhiteElo "2412"]
[BlackElo "2359"]
[PlyCount "70"]
[EventDate "2018.10.12"]
[EventType "team"]
[EventRounds "11"]
[EventCountry "AUT"]
[WhiteTeam "Bregenz"]
[BlackTeam "Hohenems II"]

1. Nf3 d5 2. g3 Nf6 3. Bg2 e6 4. O-O Be7 5. d3 b6 6. Nbd2 Bb7 7. e4 dxe4 8.
dxe4 O-O 9. e5 Nfd7 10. Re1 a5 11. h4 Nc5 12. b3 Nc6 13. a3 Nd4 14. Bb2 Nxf3+
15. Nxf3 Qxd1 16. Raxd1 Rfd8 17. Nd4 Bxg2 18. Kxg2 Kf8 19. h5 Ke8 20. f4 Rd7
21. Nc6 Nb7 22. g4 Nd8 23. Nxe7 Rxd1 24. Rxd1 Kxe7 25. f5 exf5 26. gxf5 g6 27.
hxg6 hxg6 28. Bc1 gxf5 29. Bg5+ Ke8 30. Rh1 Rc8 31. Rh8+ Kd7 32. Rf8 Ne6 33.
Rxf7+ Kc6 34. Be3 Rf8 35. Rxf8 Nxf8 {Rest unleserlich}  1/2-1/2

[Event "2. Bundesliga West 2018/19"]
[Site "6922  Wolfurt"]
[Date "2018.10.12"]
[Round "1"]
[Board "4"]
[White "Georgescu, Lena"]
[Black "Dobosz, Henryk"]
[Result "0-1"]
[WhiteElo "2195"]
[BlackElo "2399"]
[PlyCount "115"]
[EventDate "2018.10.12"]
[EventType "team"]
[EventRounds "11"]
[EventCountry "AUT"]
[WhiteTeam "Hohenems II"]
[BlackTeam "Bregenz"]

1. e4 g6 2. d4 Bg7 3. Nc3 d6 4. f4 Nc6 5. Nf3 Bg4 6. Be3 e5 7. d5 exf4 8. Bxf4
Nd4 9. Be2 Nxe2 10. Qxe2 Ne7 11. h3 Bxf3 12. Qxf3 O-O 13. O-O Qd7 14. Bg5 f6
15. Bd2 f5 16. Qd3 Rf7 17. Ne2 Bxb2 18. Rab1 fxe4 19. Qxe4 Rxf1+ 20. Kxf1 Ba3
21. Rxb7 Bc5 22. Rb3 Re8 23. Rf3 Nf5 24. Qd3 Qg7 25. Bc3 Qe7 26. Rxf5 gxf5 27.
Qg3+ Kf8 28. Nf4 Qf7 29. Ne6+ Rxe6 30. dxe6 Qxe6 31. Qg7+ Ke8 32. Bd2 Qc4+ 33.
Ke1 Qxc2 34. Qxh7 Qe4+ 35. Kf1 Kd8 36. h4 Qg4 37. Bg5+ Kc8 38. Qg8+ Kb7 39.
Qd5+ Kb6 40. Qb3+ Kc6 41. Be3 Qxh4 42. Bxc5 Kxc5 43. Qb7 Qc4+ 44. Kg1 Kd4 45.
Qxa7+ Qc5 46. Qa8 d5 47. a4 Kc3+ 48. Kh2 d4 49. a5 d3 50. a6 d2 51. Qf3+ Kc2
52. a7 Qxa7 53. Qc6+ Kb2 54. Qb5+ Kc3 55. Qc6+ Kb4 56. Qc2 Qd4 57. Qb1+ Ka3 58.
Qd1  0-1

[Event "2. Bundesliga West 2018/19"]
[Site "6922  Wolfurt"]
[Date "2018.10.12"]
[Round "1"]
[Board "5"]
[White "Bezler, Rainer"]
[Black "Kranzl, Julian"]
[Result "1-0"]
[WhiteElo "2207"]
[BlackElo "2203"]
[PlyCount "59"]
[EventDate "2018.10.12"]
[EventType "team"]
[EventRounds "11"]
[EventCountry "AUT"]
[WhiteTeam "Bregenz"]
[BlackTeam "Hohenems II"]

1. e4 c5 2. Nf3 d6 3. d4 cxd4 4. Nxd4 Nf6 5. Nc3 a6 6. f3 e5 7. Nb3 Be6 8. Be3
Be7 9. Qd2 O-O 10. O-O-O Nbd7 11. Kb1 b5 12. g4 Nb6 13. g5 Nh5 14. Nd5 Bxd5 15.
exd5 Rc8 16. Na5 Nxd5 17. Nb7 Nc3+ 18. bxc3 Qc7 19. Qd5 Qxc3 20. Bd3 Rc4 21.
Bxc4 bxc4 22. Bd2 Qa3 23. Qxc4 Qxf3 24. Na5 Bd8 25. Nb3 Bb6 26. Qxa6 Rb8 27.
Bb4 Bd4 28. Qxd6 Qb7 29. Nxd4 exd4 30. a3  1-0

[Event "2. Bundesliga West 2018/19"]
[Site "6922  Wolfurt"]
[Date "2018.10.12"]
[Round "1"]
[Board "6"]
[White "Novkovic, Julia"]
[Black "Ciolek, Andreas"]
[Result "0-1"]
[WhiteElo "2143"]
[BlackElo "2247"]
[PlyCount "66"]
[EventDate "2018.10.12"]
[EventType "team"]
[EventRounds "11"]
[EventCountry "AUT"]
[WhiteTeam "Hohenems II"]
[BlackTeam "Bregenz"]

1. e4 c5 2. Nc3 a6 3. Nf3 d6 4. g3 Nf6 5. Bg2 g6 6. d4 cxd4 7. Nxd4 Bg7 8. O-O
O-O 9. b3 Bd7 10. Bb2 Nc6 11. Nd5 Nxd5 12. Nxc6 bxc6 13. Bxg7 Ne3 14. Qc1 Nxf1
15. Bb2 Nxg3 16. hxg3 Qa5 17. c4 Rac8 18. Qd1 Rfd8 19. Bf3 Be6 20. Kg2 d5 21.
Qd4 f6 22. exd5 cxd5 23. Qe3 Rd6 24. Qh6 g5 25. Rh1 Bf5 26. Rh5 Qd2 27. Ba3
dxc4 28. Bxd6 Qxd6 29. bxc4 Rxc4 30. g4 Bg6 31. Rh1 Rc2 32. Rd1 Qb6 33. Bd5+ e6
 0-1

[Event "2. Bundesliga West 2018/19"]
[Site "6922  Wolfurt"]
[Date "2018.10.12"]
[Round "1"]
[Board "1"]
[White "Hoefelsauer, Thomas"]
[Black "Breneis, Lukas"]
[Result "1/2-1/2"]
[WhiteElo "2339"]
[BlackElo "2192"]
[PlyCount "60"]
[EventDate "2018.10.12"]
[EventType "team"]
[EventRounds "11"]
[EventCountry "AUT"]
[WhiteTeam "Wolfurt"]
[BlackTeam "SPG Oberland"]

1. Nf3 c5 2. c4 Nc6 3. Nc3 g6 4. g3 Bg7 5. Bg2 Nf6 6. d4 cxd4 7. Nxd4 O-O 8.
O-O Nxd4 9. Qxd4 d6 10. Qd3 Rb8 11. Be3 Bf5 12. Qd2 a6 13. Nd5 Nxd5 14. Bxd5 b5
15. cxb5 Rxb5 16. Bb3 Qa5 17. Qxa5 Rxa5 18. Rac1 Bxb2 19. Rc7 Bf6 20. Rfc1 Kg7
21. f3 Be6 22. Bd2 Re5 23. Kf2 Bxb3 24. axb3 Rd5 25. Bc3 Bxc3 26. R1xc3 Kf6 27.
Ra7 a5 28. Rcc7 Re8 29. Rcb7 h5 30. h4 Rc5  1/2-1/2

[Event "2. Bundesliga West 2018/19"]
[Site "6922  Wolfurt"]
[Date "2018.10.12"]
[Round "1"]
[Board "2"]
[White "Schnegg, Anna-Lena"]
[Black "Matt, Fabian"]
[Result "1/2-1/2"]
[WhiteElo "2184"]
[BlackElo "2228"]
[PlyCount "109"]
[EventDate "2018.10.12"]
[EventType "team"]
[EventRounds "11"]
[EventCountry "AUT"]
[WhiteTeam "SPG Oberland"]
[BlackTeam "Wolfurt"]

1. c4 c6 2. e4 e5 3. d4 Nf6 4. dxe5 Qa5+ 5. Bd2 Qxe5 6. Nc3 Bc5 7. Nf3 Qe7 8.
Bd3 d6 9. h3 Nbd7 10. O-O Ne5 11. Bf4 O-O 12. Re1 a5 13. Bf1 Rd8 14. Nd4 Bxh3
15. Nxc6 bxc6 16. gxh3 Nfd7 17. Bg3 Rab8 18. Na4 Qf6 19. Kg2 Ng6 20. Qf3 Nh4+
21. Bxh4 Qxh4 22. Qg3 Qf6 23. Nxc5 Nxc5 24. Rab1 Ne6 25. b3 Nf4+ 26. Kh1 Re8
27. Re3 Re5 28. Rbe1 Rbe8 29. Qg4 Ne6 30. Rf3 Qh6 31. Rf5 g6 32. f4 Rc5 33.
Rxc5 Nxc5 34. e5 Kg7 35. Kh2 dxe5 36. fxe5 Qd2+ 37. Re2 Qd1 38. Qf4 Re6 39. Rf2
Qd7 40. h4 Qc7 41. Kh1 Rxe5 42. Qf6+ Kg8 43. Rd2 Re8 44. Qd6 Qxd6 45. Rxd6 Re1
46. Kg1 Ra1 47. Rxc6 Ne4 48. c5 Rc1 49. Kg2 Nxc5 50. Bc4 Nd3 51. Rc7 Nf4+ 52.
Kf3 Nd5 53. Ra7 Rc3+ 54. Ke4 Nb4 55. Rxa5  1/2-1/2

[Event "2. Bundesliga West 2018/19"]
[Site "6922  Wolfurt"]
[Date "2018.10.12"]
[Round "1"]
[Board "3"]
[White "Donev, Ivo"]
[Black "Schnegg, Daniel"]
[Result "1/2-1/2"]
[WhiteElo "2322"]
[BlackElo "2117"]
[PlyCount "144"]
[EventDate "2018.10.12"]
[EventType "team"]
[EventRounds "11"]
[EventCountry "AUT"]
[WhiteTeam "Wolfurt"]
[BlackTeam "SPG Oberland"]

1. e4 c5 2. Nc3 Nc6 3. g3 g6 4. Bg2 Bg7 5. d3 e6 6. Be3 d6 7. f4 Nge7 8. Nf3
O-O 9. O-O Nd4 10. Qd2 Rb8 11. Rae1 Qc7 12. Ne2 Nxf3+ 13. Bxf3 b5 14. c3 Bb7
15. d4 Rfd8 16. Rd1 f5 17. Qc2 c4 18. g4 d5 19. e5 Bc6 20. Ng3 Rb7 21. gxf5
Nxf5 22. Nxf5 gxf5 23. Kh1 Be8 24. Rg1 Kh8 25. Rg2 Bf7 26. Bf2 Qe7 27. Rdg1 Rg8
28. Qd2 Bh6 29. Rxg8+ Bxg8 30. Qe1 Qf8 31. Bh4 Bg7 32. Qg3 Bh6 33. Bf6+ Bg7 34.
Qxg7+ Rxg7 35. Rxg7 Qxg7 36. Bh5 h6 37. Bg6 Bh7 38. Be8 Qxf6 39. exf6 Kg8 40.
Bxb5 Kf7 41. b4 cxb3 42. axb3 Kxf6 43. Kg2 Bg6 44. c4 dxc4 45. bxc4 Bh5 46. Kf2
Bd1 47. Ke1 Bf3 48. Kd2 Ke7 49. Kc3 Kd6 50. Kb4 Bb7 51. Ka5 Kc7 52. Be8 Kd6 53.
Kb5 Kc7 54. Kc5 Be4 55. Ba4 Bf3 56. d5 exd5 57. cxd5 Be4 58. d6+ Kd8 59. Kd4
Bb7 60. Ke5 Bc8 61. Kf6 Bd7 62. Bc2 a5 63. Kg6 a4 64. Kxh6 a3 65. Bb3 Bc8 66.
Kg6 Kd7 67. h4 Kxd6 68. Ba2 Be6 69. Bb1 Ke7 70. h5 Bf7+ 71. Kg5 a2 72. Bxa2
Bxa2  1/2-1/2

[Event "2. Bundesliga West 2018/19"]
[Site "6922  Wolfurt"]
[Date "2018.10.12"]
[Round "1"]
[Board "4"]
[White "Moritz, Christian"]
[Black "Neuberger, Guido"]
[Result "0-1"]
[WhiteElo "2100"]
[BlackElo "2251"]
[PlyCount "42"]
[EventDate "2018.10.12"]
[EventType "team"]
[EventRounds "11"]
[EventCountry "AUT"]
[WhiteTeam "SPG Oberland"]
[BlackTeam "Wolfurt"]

1. d4 d5 2. Bf4 Bf5 3. e3 c5 4. Nf3 Nc6 5. c3 Qb6 6. Qb3 c4 7. Qxb6 axb6 8.
Nbd2 b5 9. Nh4 Bd7 10. e4 e6 11. g4 Be7 12. Ng2 Nf6 13. f3 b4 14. Ne3 b5 15.
Be5 bxc3 16. bxc3 O-O 17. Bxf6 Bxf6 18. exd5 Nxd4 19. Rc1 Bg5 20. cxd4 Bxe3 21.
dxe6 Rxa2  0-1